00000000nam 2200000za 4500
0019.676747
003CaOODSP
00520210624230030
007cr |||||||||||
008150407s1990||||xxc|||||o    f|0| 0 eng d
020 |a978-0-660-67487-2
040 |aCaOODSP|beng
041 |aeng
041 |afre
043 |an-cn---
0861 |aSA2-212/1990-PDF
1102 |aNational Archives of Canada.
24510|aNorris - La Palme |h[electronic resource]
260 |aOttawa - Ontario : |bNational Archives of Canada |cc1990.
300 |a277p.|bgraphs
500 |aDigitized by Publishing and Depository Services Program.
500 |a"Digitized by Publishing and Depository Services, Public Works and Government Services Canada - 2014"
5203 |aRobert La Palme-- artist, educator and caricaturist for such newspapers as Le Canada (1943--1950), Le Devoir (1950--1959), La Presse (1959--1961) and the Financial Times (1964)--knew the importance of humour in our daily lives. La Palme's style is most tellingly revealed in his portraiture, in the facial features, expressions and particular traits of the people he caricatured. Len Norris, best known for his work as editorial cartoonist with the Vancouver Sun from 1950 to 1989, presented the world through the eyes of the ordinary citizen--a reflection of the mild-mannered, conservative opinions of the average Canadian. Adopting this viewpoint allowed Norris to emphasize the absurd aspects of particular political situations.
546 |aBilingual
590 |a14-18-Supp|b2014-10-15
69007|aVisual arts|2gcpds
7760#|tLa Palme--Norris |w(CaOODSP)9.652920
792 |tNorris - La Palme |efre|w(CaOODSP)9.676748
85640|qPDF|s36.88 MB|uhttps://publications.gc.ca/collections/collection_2014/bac-lac/SA2-212-1990.pdf|zBorn digital
85640|qPDF|s37.13 MB|uhttps://publications.gc.ca/collections/collection_2020/bac-lac/SA2-212-1990.pdf|zDigitized from print